[Event "RSA-chT U20"]
[Site "Boksburg"]
[Date "2018.01.05"]
[Round "3.2"]
[White "Mlungwana, Mxolisi"]
[Black "Essop, Hishaam"]
[Result "0-1"]
[WhiteElo "1285"]
[BlackElo "1838"]
[PlyCount "152"]
[EventDate "2018.01.04"]
[EventType "team-tourn"]
[EventRounds "7"]
[EventCountry "RSA"]
[SourceTitle "CBM 182 Extra"]
[Source "ChessBase"]
[SourceDate "2018.02.23"]
[SourceVersion "1"]
[SourceVersionDate "2018.02.23"]
[SourceQuality "1"]
[WhiteTeam "Ethekwini U20"]
[BlackTeam "Western Province U20"]
[WhiteTeamCountry "RSA"]
[BlackTeamCountry "RSA"]

1. e4 e5 2. Nf3 Nc6 3. Bb5 a6 4. Ba4 Nf6 5. 0-0 Be7 6. c3 b5 7. Bc2 0-0 8. d4 d6 9. h3 Re8 10. Be3 Bb7 11. a4 exd4 12. cxd4 Nb4 13. d5 Bf8 14. Nbd2 c5 15. dxc6 Bxc6 16. axb5 Bxb5 17. Re1 Rc8 18. Bb1 Nd3 19. Bxd3 Bxd3 20. Qb3 Bc2 21. Qa2 Nxe4 22. Nxe4 Bxe4 23. Ng5 Bg6 24. Qxa6 Rc2 25. Qa3 Qf6 26. Nf3 Qxb2 27. Qa4 Rec8 28. Qd7 R2c7 29. Qg4 h5 30. Qg5 Rb7 31. Bd4 Qb4 32. Rad1 Rb5 33. Qg3 Rd5 34. Qh4 Qb5 35. Qf4 Rf5 36. Qg3 Kh7 37. Nh4 Rg5 38. Qf3 Qd5 39. Qf4 Qb5 40. Nxg6 fxg6 41. Be3 Rf5 42. Qh4 Kg8 43. Qe4 Re8 44. Qd4 Qe5 45. Qh4 Qf6 46. Qc4+ Qf7 47. Qc6 Rfe5 48. Kf1 Rxe3 49. Rxe3 Rxe3 50. Kg1 Re2 51. Rf1 Qe6 52. Qc3 Be7 53. Rb1 Kh7 54. Rb8 Re1+ 55. Kh2 Qe5+ 56. Qxe5 Rxe5 57. Rb7 Bf6 58. Kg3 g5 59. Kf3 Kg6 60. g4 h4 61. Rd7 Rd5 62. Ke4 Rd4+ 63. Ke3 Be5 64. Kf3 Kf6 65. Ke3 Ra4 66. Rd8 Ke7 67. Rb8 Ra3+ 68. Ke4 Rxh3 69. Kf5 Bf6 70. Rb7+ Ke8 71. Ke6 Rf3 72. Rb8+ Bd8 73. Rb7 Rxf2 74. Rxg7 Re2+ 75. Kxd6 Be7+ 76. Kd5 Kf8 0-1

[Event "RSA-chT U20"]
[Site "Boksburg"]
[Date "2018.01.05"]
[Round "4.2"]
[White "Mudzingwa, Takunda"]
[Black "Mlungwana, Mxolisi"]
[Result "1-0"]
[WhiteElo "1416"]
[BlackElo "1285"]
[PlyCount "53"]
[EventDate "2018.01.04"]
[EventType "team-tourn"]
[EventRounds "7"]
[EventCountry "RSA"]
[SourceTitle "CBM 182 Extra"]
[Source "ChessBase"]
[SourceDate "2018.02.23"]
[SourceVersion "1"]
[SourceVersionDate "2018.02.23"]
[SourceQuality "1"]
[WhiteTeam "Johannesburg Metro U20"]
[BlackTeam "Ethekwini U20"]
[WhiteTeamCountry "RSA"]
[BlackTeamCountry "RSA"]

1. e4 g6 2. d4 Bg7 3. Nc3 d6 4. Be3 Nf6 5. f3 Nbd7 6. Bc4 e5 7. Nge2 exd4 8. Nxd4 Ne5 9. Bb3 a6 10. a3 c5 11. Nde2 Qc7 12. Qd2 0-0 13. Rd1 Rd8 14. Bg5 Rd7 15. f4 Nc6 16. 0-0 b5 17. f5 Ng4 18. Qf4 Nge5 19. Nd5 Qa7 20. Nf6+ Kh8 21. Bd5 c4+ 22. Kh1 h6 23. Qh4 h5 24. fxg6 fxg6 25. Nxh5 gxh5 26. Qxh5+ Bh6 27. Qxh6+ 1-0